000 01029nam0a22002771 4500
001 v19\rc\1706805
005 20061002163250.2
035 _a(NLR Aleph) 004807526
090 _a4893683
_c4893683
100 _a20061002d1899 |||y0rusy50 ca
101 1 _arus
_cfre
102 _aRU
105 _ay z |||||
200 1 _aСыщик
_eМелкие и круп. мошенничества конца XIX в. и воровские шайки
_eНовые мемуары Горона, бывш. нач. Париж. сыск. полиции
_fПер. с фр. Энэль
210 _aСанкт-Петербург
_cВладимирская типо-лит. Мордуховского
_d1899
215 _a192 с.
_d18
700 1 _aГорон
_bМ. Ф.
_f1847-1933
_gМари Франсуа
702 0 _aЭнэль
_4730
801 0 _aRU
_bNLR
_gpsbo
801 0 _aRU
_bRuMoRGB
_2psbo
801 1 _aRU
_bProSoft-M
_2rusmarc
852 _aNLR
_j20.47.5.32
899 _aRuMoRGB
_jS 33/735
899 _aГПИБ
942 _cBOOK
980 _aNB